امراضِ جِلدعلاجِ اور علاجِ نبوّیﷺ............... Amraz-e-Jild aur Elaj-e-Nabvi (Record no. 529178)
[ view plain ]
| 000 -LEADER | |
|---|---|
| fixed length control field | 00562nam a22001817a 4500 |
| 003 - CONTROL NUMBER IDENTIFIER | |
| control field | NUST |
| 005 - DATE AND TIME OF LATEST TRANSACTION | |
| control field | 20190920153805.0 |
| 008 - FIXED-LENGTH DATA ELEMENTS--GENERAL INFORMATION | |
| fixed length control field | 150409b xxu||||| |||| 00| 0 eng d |
| 038 ## - RECORD CONTENT LICENSOR | |
| Staff Name | MSOHAIL |
| 040 ## - CATALOGING SOURCE | |
| Transcribing agency | LIBRARY |
| 082 ## - DEWEY DECIMAL CLASSIFICATION NUMBER | |
| Classification number | 0 |
| 100 ## - MAIN ENTRY--PERSONAL NAME | |
| Personal name | Ghazanvi, Khalid |
| 9 (RLIN) | 21031 |
| 245 ## - TITLE STATEMENT | |
| Title | امراضِ جِلدعلاجِ اور علاجِ نبوّیﷺ............... Amraz-e-Jild aur Elaj-e-Nabvi |
| Statement of responsibility, etc. | Dr. Khalid Ghazanvi |
| 260 ## - PUBLICATION, DISTRIBUTION, ETC. | |
| Place of publication, distribution, etc. | Lahore: |
| Name of publisher, distributor, etc. | Al Faisal Nashran, |
| Date of publication, distribution, etc. | c2011 |
| 300 ## - PHYSICAL DESCRIPTION | |
| Extent | 346 p. : |
| Dimensions | 22 cm. |
| 650 ## - SUBJECT ADDED ENTRY--TOPICAL TERM | |
| Topical term or geographic name entry element | Tib e Nabvi |
| General subdivision | General |
| 9 (RLIN) | 21032 |
| 942 ## - ADDED ENTRY ELEMENTS (KOHA) | |
| Source of classification or shelving scheme | |
| Koha item type | Book |
| Withdrawn status | Lost status | Source of classification or shelving scheme | Damaged status | Not for loan | Permanent Location | Current Location | Date acquired | Total Checkouts | Barcode | Date last seen | Date last checked out | Price effective from | Koha item type |
|---|---|---|---|---|---|---|---|---|---|---|---|---|---|
| School of Civil and Environmental Engineering (SCEE) | School of Civil and Environmental Engineering (SCEE) | 09/20/2019 | 1 | NIT-10747 | 03/02/2022 | 02/01/2022 | 09/20/2019 | Book |
